| 000 | 00544nam a2200169 i 4500 | ||
|---|---|---|---|
| 001 | 74109 | ||
| 003 | ES-MaACL | ||
| 005 | 20230906172024.0 | ||
| 007 | t| | ||
| 008 | 040915s1959 sp ||||1| spa d | ||
| 100 | 1 |
_aGonzález Dávila, Gil. _958527 |
|
| 245 | 1 | 0 |
_aTeatro eclesiástico de la Santa Iglesia de Oviedo / _cescrito por Gil González Dávila. |
| 260 |
_aMadrid : _bJosé Porrúa Turanzas, _c1959. |
||
| 300 |
_aVIII, 115 p. ; _c25 cm. |
||
| 651 | 4 |
_aOviedo- _xHistoria eclesiástica. _9156825 |
|
| 852 |
_aES-MaACL _jC-25582 _bR.43691 |
||
| 999 |
_c74109 _d74109 |
||